000
00319nam a2200133 a 4500
005
20140414093835.0
008
030611s19uu xx 00 eng d
050
_a
CDR 510
_b
TAN 1997
245
_a
Tangible math :
_b
demo windows TM.
650
_a
Mathematics.
650
_a
CD-ROM.
942
_c
AVM
999
_c
108986
_d
108986